|
|
|
|
| LEADER |
01167nam a2200241 a 4500 |
| 001 |
GR-MES542 |
| 008 |
991111s gr 000 0 gre d |
| 020 |
|
|
|a 9602100168
|
| 040 |
|
|
|a GrPaTEI
|b gre
|c GR-PaULI
|
| 245 |
0 |
0 |
|a Μακροοικονομική ανάλυση και δημοσιονομική πολιτική.
|
| 260 |
|
|
|a Αθήνα :
|b Οδυσσέας,
|c c1990
|
| 300 |
|
|
|a 527 σελ. :
|b σχημ.
|
| 504 |
|
|
|a Βιβλιογραφία σελ.:527
|
| 650 |
|
4 |
|a ΜΑΚΡΟΟΙΚΟΝΟΜΙΑ
|
| 650 |
|
4 |
|a ΜΙΚΡΟΟΙΚΟΝΟΜΙΑ
|
| 650 |
|
4 |
|a Οικονομία
|
| 700 |
1 |
|
|a Λιανός, Θεόδωρος Π.,
|d 1939-
|
| 700 |
1 |
|
|a Μπένος, Θεοφάνης Ε.
|
| 942 |
|
|
|2 ddc
|
| 952 |
|
|
|0 0
|1 0
|2 ddc
|4 0
|6 339_500000000000000_LIA
|7 0
|9 263813
|a MSLG
|b MSLG
|c BSC
|d 2021-01-17
|e 24
|f 0
|g 0.00
|l 0
|o 339.5 LIA.
|p 2420000001381
|r 2021-01-17 00:00:00
|t 1
|w 2021-01-17
|y BK15
|x 19991111 0 1
|x GrPaTEI
|
| 952 |
|
|
|0 0
|1 0
|2 ddc
|4 0
|6 339_500000000000000_LIA
|7 0
|9 263814
|a MSLG
|b MSLG
|c BSC
|d 2021-01-17
|e 24
|f 0
|g 0.00
|l 0
|o 339.5 LIA.
|p 2420000002174
|r 2021-01-17 00:00:00
|t 1
|w 2021-01-17
|y BK15
|x 19991111 0 1
|x GrPaTEI
|
| 971 |
|
|
|a .b25715835
|b 16-04-20
|c 13-09-16
|
| 999 |
|
|
|c 151889
|d 151889
|